Generador de funciones de bajo coste (Registro nro. 88039)

Detalles MARC
001 - NÚMERO DE CONTROL
campo de control 176924
005 - FECHA Y HORA DE LA ÚLTIMA TRANSACCIÓN
campo de control 20240201130100.0
008 - DATOS DE LONGITUD FIJA--INFORMACIÓN GENERAL
campo de control de longitud fija 980508e19960501 spa
035 ## - NÚMERO DE CONTROL DEL SISTEMA
Número de control de sistema 176924
035 ## - NÚMERO DE CONTROL DEL SISTEMA
Número de control de sistema (OCoLC)819762518
040 ## - FUENTE DE LA CATALOGACIÓN
Centro/agencia transcriptor comduadb
041 ## - CÓDIGO DE LENGUA
Código de lengua del texto/banda sonora o título independiente spa
100 10 - ENTRADA PRINCIPAL--NOMBRE DE PERSONA
Nombre de persona Barcelo, Enrique
Código de función aut
Término indicativo de función/relación Autor/a
9 (RLIN) 493010
245 10 - MENCIÓN DE TÍTULO
Título Generador de funciones de bajo coste
650 ## - PUNTO DE ACCESO ADICIONAL DE MATERIA--TÉRMINO DE MATERIA
Término de materia o nombre geográfico como elemento de entrada Generadores de señales
9 (RLIN) 42548
650 ## - PUNTO DE ACCESO ADICIONAL DE MATERIA--TÉRMINO DE MATERIA
Término de materia o nombre geográfico como elemento de entrada
773 0# - ENLACE AL DOCUMENTO FUENTE/ENTRADA DE REGISTRO ANFITRIÓN
Título Radiorama (Barcelona)
Parte(s) relacionada(s) No.342,May., p. 26-27
Número de control del registro 104391
Número Internacional Normalizado para Publicaciones Seriadas 0211-3546
Número bibliográfico anfitrión 91489
942 ## - ELEMENTOS DE ENTRADA AGREGADA (KOHA)
Tipo de ítem Koha Artículo de Revista

No hay ítems disponibles.